000 00881nam a2200229 a 4500
005 20191224041505.0
008 140113s2003 mx gr|||| 000 0 spa d
040 _aCO-BoIAVH
_cCO-BoIAVH
041 0 _aspa
044 _amx
082 0 4 _a658.3142
_bG98a
100 1 _aGutiérrez Lacayo, Martín
245 1 0 _aAplicación de modelos e incentivos económicos, financieros y de mercado para los pobladores de las áreas naturales protegidas /
_c Global Environment Facility
250 _aPrimera edición
260 _aMéxico :
_bComisión Nacional de Áreas Naturales Protegidas :
_bPRONATURA :
_bGlobal Environment Facility,
_c2003.
300 _a227 páginas ;
_c23 x 17 cm.
650 6 _aIncentivos económicos
650 6 _aÁreas naturales protegidas
650 6 _aÁreas de conservación
650 6 _aEstudios de casos
942 _cLIBRO
_2ddc
999 _c4
_d4